[Event "Guillermo Garcia Memorial op"]
[Site "Santa Clara"]
[Date "2022.05.07"]
[Round "7"]
[White "Solares Orozco, Kebert"]
[Black "Guerra de la Rosa, Nilo Antonio"]
[Result "1-0"]
[WhiteElo "2325"]
[BlackElo "1942"]
[PlyCount "61"]
[EventDate "2022.04.30"]
[EventType "swiss"]
[EventRounds "9"]
[EventCountry "CUB"]
[SourceTitle "CBM 208 Extra"]
[Source "ChessBase"]
[SourceDate "2022.07.31"]
[SourceVersion "1"]
[SourceVersionDate "2022.07.31"]
[SourceQuality "1"]

1. c4 e6 2. Nf3 d5 3. g3 Nf6 4. Bg2 Be7 5. 0-0 0-0 6. d4 c5 7. dxc5 Bxc5 8. Nc3 dxc4 9. Qa4 Nc6 10. Qxc4 Be7 11. Rd1 Bd7 12. e4 Rc8 13. Qe2 e5 14. Nd5 Qe8 15. h3 Bd8 16. b3 Kh8 17. Bb2 h6 18. Rac1 Nh7 19. Nd2 Na5 20. Rxc8 Bxc8 21. Nc4 Nxc4 22. Qxc4 Be6 23. Bxe5 f5 24. Qd4 Qf7 25. Nf4 Bb6 26. Bxg7+ Kg8 27. Qb2 Rd8 28. Rxd8+ Bxd8 29. Qe5 Bc8 30. Bxh6 Bc7 31. Qd5 1-0

[Event "Guillermo Garcia Memorial op"]
[Site "Santa Clara"]
[Date "2022.05.06"]
[Round "6"]
[White "Guerra de la Rosa, Nilo Antonio"]
[Black "Cabrera Ladron de Guevara, Mayra"]
[Result "1-0"]
[WhiteElo "1942"]
[BlackElo "1969"]
[PlyCount "181"]
[EventDate "2022.04.30"]
[EventType "swiss"]
[EventRounds "9"]
[EventCountry "CUB"]
[SourceTitle "CBM 208 Extra"]
[Source "ChessBase"]
[SourceDate "2022.07.31"]
[SourceVersion "1"]
[SourceVersionDate "2022.07.31"]
[SourceQuality "1"]

1. d4 Nf6 2. Nf3 e6 3. Bg5 d5 4. e3 Be7 5. Bd3 b6 6. Nbd2 c5 7. c3 Bb7 8. 0-0 0-0 9. Ne5 Ne4 10. Bxe7 Qxe7 11. f4 f6 12. Nef3 Nd7 13. Qc2 f5 14. Ne5 Rf6 15. Ndf3 Rh6 16. Nxd7 Qxd7 17. Ne5 Qe7 18. Bxe4 dxe4 19. dxc5 Qxc5 20. Qd2 Ba6 21. Rfd1 Bd3 22. Nxd3 exd3 23. Qxd3 Rg6 24. Rd2 h5 25. Qe2 h4 26. Qf3 Rf8 27. Rad1 Rh6 28. Rd4 a5 29. Rd7 Qb5 30. R1d2 Qc5 31. Qe2 h3 32. Qf3 Rff6 33. g3 Rf8 34. R2d4 Qb5 35. b3 Qc5 36. Rc4 Qa3 37. Qe2 Qc1+ 38. Rd1 Qa3 39. Qd2 Rg6 40. Rc7 b5 41. Qd6 Qxd6 42. Rxd6 a4 43. b4 Rb8 44. a3 Kh7 45. Kf2 Rg4 46. Kf3 Re8 47. e4 Rg6 48. Rc5 Rb8 49. Rcc6 fxe4+ 50. Kxe4 Rb7 51. Kf3 Rf7 52. Rxe6 Rxe6 53. Rxe6 g5 54. Re5 Rc7 55. Rc5 Rd7 56. Kg4 gxf4 57. gxf4 Rd2 58. Kxh3 Ra2 59. Rxb5 Rxa3 60. Ra5 Rxc3+ 61. Kg4 a3 62. Kg5 Rb3 63. Ra7+ Kg8 64. h4 Rxb4 65. Rxa3 Rb6 66. Ra7 Rc6 67. h5 Rc5+ 68. f5 Rc8 69. Kg6 Kh8 70. Rh7+ Kg8 71. Rg7+ Kh8 72. Re7 Rg8+ 73. Kf7 Rg3 74. f6 Rg1 75. Ke6 Re1+ 76. Kf7 Rf1 77. Re5 Ra1 78. Kf8 Ra8+ 79. Re8 Ra7 80. h6 Rb7 81. Re7 Rb8+ 82. Kf7 Rb1 83. Re5 Kh7 84. Kf8 Rb8+ 85. Re8 Rb1 86. f7 Rf1 87. Ke7 Re1+ 88. Kd6 Rd1+ 89. Kc5 Rc1+ 90. Kd4 Rd1+ 91. Ke3 1-0

[Event "Guillermo Garcia Memorial op 27th"]
[Site "Santa Clara"]
[Date "2018.05.31"]
[Round "9"]
[White "Guerra de la Rosa, Nilo Antonio"]
[Black "Gonzalez Torres, Roxana"]
[Result "1-0"]
[WhiteElo "2003"]
[BlackElo "1827"]
[PlyCount "81"]
[EventDate "2018.05.22"]
[EventType "swiss"]
[EventRounds "9"]
[EventCountry "CUB"]
[SourceTitle "CBM 184 Extra"]
[Source "ChessBase"]
[SourceDate "2018.06.28"]
[SourceVersion "1"]
[SourceVersionDate "2018.06.28"]
[SourceQuality "1"]

1. c4 c5 2. Nc3 Nc6 3. g3 g6 4. Bg2 Bg7 5. d3 Nf6 6. e3 0-0 7. Nge2 e6 8. 0-0 d5 9. cxd5 exd5 10. d4 c4 11. Nf4 Ne7 12. b3 Rb8 13. Ba3 Re8 14. Bxe7 Rxe7 15. Nfxd5 Nxd5 16. Nxd5 Rd7 17. bxc4 b5 18. Nb4 Bb7 19. Nc6 Bxc6 20. Bxc6 Rc7 21. cxb5 a6 22. a4 axb5 23. axb5 Qd6 24. Qf3 Qb4 25. Qd5 Qb2 26. Rab1 Qc2 27. Rfc1 Qd3 28. Kg2 Qd2 29. Rd1 Qc2 30. h4 h6 31. e4 h5 32. e5 Qe2 33. Re1 Qd2 34. Rbd1 Qc2 35. e6 fxe6 36. Qxe6+ Rf7 37. Rf1 Rbf8 38. Be4 Qe2 39. Rde1 Qd2 40. Bxg6 Bxd4 41. Re2 1-0

[Event "Guillermo Garcia Memorial op 27th"]
[Site "Santa Clara"]
[Date "2018.05.26"]
[Round "5"]
[White "Guerra de la Rosa, Nilo Antonio"]
[Black "Santos Peraza, Edel David"]
[Result "1-0"]
[WhiteElo "2003"]
[BlackElo "1769"]
[PlyCount "37"]
[EventDate "2018.05.22"]
[EventType "swiss"]
[EventRounds "9"]
[EventCountry "CUB"]
[SourceTitle "CBM 184 Extra"]
[Source "ChessBase"]
[SourceDate "2018.06.28"]
[SourceVersion "1"]
[SourceVersionDate "2018.06.28"]
[SourceQuality "1"]

1. e4 e5 2. d4 exd4 3. c3 d5 4. exd5 Qxd5 5. cxd4 Nc6 6. Nf3 Bg4 7. Be2 Nf6 8. Nc3 Bb4 9. 0-0 Bxc3 10. bxc3 h6 11. c4 Qd7 12. d5 Bxf3 13. Bxf3 Ne7 14. Rb1 Rb8 15. Bf4 Nc8 16. Re1+ Kf8 17. c5 b6 18. Qd4 Kg8 19. Qe5 1-0

[Event "Guillermo Garcia Memorial op 27th"]
[Site "Santa Clara"]
[Date "2018.05.25"]
[Round "4"]
[White "Chaviano Espina, Miguel Orlando"]
[Black "Guerra de la Rosa, Nilo Antonio"]
[Result "1-0"]
[WhiteElo "2202"]
[BlackElo "2003"]
[PlyCount "133"]
[EventDate "2018.05.22"]
[EventType "swiss"]
[EventRounds "9"]
[EventCountry "CUB"]
[SourceTitle "CBM 184 Extra"]
[Source "ChessBase"]
[SourceDate "2018.06.28"]
[SourceVersion "1"]
[SourceVersionDate "2018.06.28"]
[SourceQuality "1"]

1. Nf3 Nf6 2. d4 d6 3. c4 Nbd7 4. Nc3 c6 5. g3 e5 6. e4 Be7 7. Bg2 0-0 8. 0-0 Re8 9. b3 Bf8 10. Bb2 g6 11. Qc2 exd4 12. Nxd4 Bg7 13. Rad1 Qc7 14. Rfe1 Nc5 15. h3 Bd7 16. Kh2 Rad8 17. f4 Bc8 18. b4 Ne6 19. Nf3 Nf8 20. Nd4 Ne6 21. Nb3 h5 22. f5 Nf8 23. Kh1 N8d7 24. Nd4 Ne5 25. Nce2 a6 26. c5 d5 27. fxg6 fxg6 28. exd5 Nxd5 29. Nf4 Qf7 30. Nxd5 cxd5 31. Rf1 Qc7 32. Qb3 Qd7 33. Bc1 Kh7 34. Bg5 Nc4 35. Bxd8 Qxd8 36. Nc2 Be6 37. Na3 Qg5 38. Nxc4 dxc4 39. Qf3 Re7 40. Qf4 Qxf4 41. gxf4 Bc3 42. a3 Kg7 43. Kh2 Bb2 44. Rfe1 c3 45. Be4 Bb3 46. Bb1 Rf7 47. Rd6 c2 48. Bxc2 Bxc2 49. Re2 Bc1 50. Rxc2 Bxf4+ 51. Kg2 Bxd6 52. cxd6 Rf6 53. Rc7+ Kh6 54. d7 Rd6 55. Rxb7 Kg5 56. Ra7 Kf4 57. Rxa6 Rxd7 58. Rxg6 Rd2+ 59. Kf1 Ra2 60. Ra6 Kg3 61. b5 Kxh3 62. b6 Rb2 63. a4 Kg3 64. a5 h4 65. Ra7 h3 66. Rg7+ Kf3 67. Kg1 1-0

[Event "Guillermo Garcia Memorial op 26th"]
[Site "Santa Clara"]
[Date "2017.05.20"]
[Round "5"]
[White "Guerra de la Rosa, Nilo Antonio"]
[Black "Rodriguez, Octavio"]
[Result "1/2-1/2"]
[WhiteElo "2008"]
[BlackElo "1976"]
[PlyCount "40"]
[EventDate "2017.05.16"]
[EventType "swiss"]
[EventRounds "9"]
[EventCountry "CUB"]
[SourceTitle "CBM 178 Extra"]
[Source "ChessBase"]
[SourceDate "2017.06.22"]
[SourceVersion "1"]
[SourceVersionDate "2017.06.22"]
[SourceQuality "1"]

1. c4 c5 2. Nc3 Nc6 3. g3 g6 4. Bg2 Bg7 5. d3 Nf6 6. e3 d6 7. Nge2 0-0 8. 0-0 Bg4 9. Qd2 Rb8 10. Rb1 Qd7 11. Re1 Bh3 12. Bh1 e5 13. a3 Rfe8 14. b4 b6 15. Nd5 Nxd5 16. Bxd5 Be6 17. Bg2 d5 18. cxd5 Bxd5 19. Bxd5 Qxd5 20. Nc3 Qf3 1/2-1/2

[Event "Villa Clara Province-ch sf"]
[Site "Santa Clara"]
[Date "2010.09.21"]
[Round "5"]
[White "Moreno del Pozo, Orlando"]
[Black "Guerra de la Rosa, Nilo Antonio"]
[Result "1-0"]
[WhiteElo "2192"]
[BlackElo "2065"]
[PlyCount "80"]
[EventDate "2010.09.16"]
[EventType "swiss"]
[EventRounds "9"]
[EventCountry "CUB"]
[SourceTitle "EXT 2019"]
[Source "ChessBase"]
[SourceDate "2018.10.10"]
[SourceVersion "1"]
[SourceVersionDate "2018.10.10"]
[SourceQuality "1"]

1. e4 e5 2. Nf3 Qe7 3. Bc4 h6 4. 0-0 Nf6 5. Re1 d6 6. d4 c6 7. Nbd2 g6 8. Bb3 Bg4 9. dxe5 dxe5 10. Nc4 Nbd7 11. Be3 b6 12. h3 Be6 13. Nh2 Rd8 14. Qf3 Bg7 15. Rad1 0-0 16. a4 Bxc4 17. Bxc4 Nc5 18. Ng4 Nxg4 19. Qxg4 Kh7 20. a5 Nd7 21. Qe2 b5 22. Bb3 Nf6 23. f3 Qc7 24. Bc5 Rfe8 25. Qf2 Ra8 26. Bd6 Qb7 27. a6 Qxa6 28. Bxf7 Red8 29. Qg3 g5 30. Qxe5 Qb6+ 31. Bc5 Qb7 32. Be7 Rf8 33. Bxf8 Rxf8 34. Be6 Kh8 35. Qd6 Nh5 36. Qc5 Qc7 37. e5 Nf4 38. Bd7 Qa5 39. e6 Qd8 40. e7 Qb8 1-0

[Event "Villa Clara Province-ch sf"]
[Site "Santa Clara"]
[Date "2010.09.18"]
[Round "3"]
[White "Bueno Perez, Jesus Angel"]
[Black "Guerra de la Rosa, Nilo Antonio"]
[Result "1/2-1/2"]
[WhiteElo "2106"]
[BlackElo "2065"]
[PlyCount "67"]
[EventDate "2010.09.16"]
[EventType "swiss"]
[EventRounds "9"]
[EventCountry "CUB"]
[SourceTitle "EXT 2019"]
[Source "ChessBase"]
[SourceDate "2018.10.10"]
[SourceVersion "1"]
[SourceVersionDate "2018.10.10"]
[SourceQuality "1"]

1. e4 e5 2. Nf3 Nc6 3. Bc4 h6 4. 0-0 Nf6 5. Nc3 d6 6. h3 g6 7. Re1 Bg7 8. d3 0-0 9. Be3 Na5 10. Bb3 Nxb3 11. axb3 c5 12. Nd2 g5 13. Qe2 Be6 14. Ra2 a6 15. Rea1 Rc8 16. Na4 Qc7 17. c4 Kh7 18. Nc3 Qd8 19. Ra3 Kh8 20. Na2 Nd7 21. g4 Nb8 22. b4 Qd7 23. bxc5 dxc5 24. Nc3 Qd6 25. Nd5 b5 26. Rc3 b4 27. Rcc1 Rfd8 28. Ra5 Rc6 29. f3 Rdc8 30. Qh2 Qd8 31. Raa1 Kg8 32. Kf2 Nd7 33. Rh1 Bxd5 34. cxd5 1/2-1/2

[Event "Villa Clara Province-ch sf"]
[Site "Santa Clara"]
[Date "2010.09.17"]
[Round "2"]
[White "Guerra de la Rosa, Nilo Antonio"]
[Black "Garcia Gomez, Ray"]
[Result "1/2-1/2"]
[WhiteElo "2065"]
[BlackElo "2334"]
[PlyCount "61"]
[EventDate "2010.09.16"]
[EventType "swiss"]
[EventRounds "9"]
[EventCountry "CUB"]
[SourceTitle "EXT 2019"]
[Source "ChessBase"]
[SourceDate "2018.10.10"]
[SourceVersion "1"]
[SourceVersionDate "2018.10.10"]
[SourceQuality "1"]

1. Nf3 Nf6 2. d4 d5 3. e3 e6 4. Bd3 c6 5. b3 Nbd7 6. Bb2 Bd6 7. Ne5 0-0 8. 0-0 Qc7 9. f4 Ne4 10. Nd2 Nxd2 11. Qxd2 f6 12. Nxd7 Bxd7 13. c4 b6 14. Rac1 f5 15. b4 Qd8 16. c5 Bc7 17. b5 cxb5 18. c6 Be8 19. Bxb5 a6 20. Bd3 Bd6 21. Rc2 Rf7 22. Rfc1 Rc7 23. a4 Qc8 24. Qe2 Bxc6 25. Bxa6 Qd7 26. Bb5 Bxb5 27. Rxc7 Bxc7 28. Qxb5 Qxb5 29. axb5 Bd8 30. Ra1 Ra5 31. Bc3 1/2-1/2